Normal view
MARC view
- Muralikrishna. C
Entry Corporate Name
001 - CONTROL NUMBER
- control field: 122698
003 - CONTROL NUMBER IDENTIFIER
- control field: NUST
005 - DATE AND TIME OF LATEST TRANSACTION
- control field: 20240516115739.0
008 - FIXED-LENGTH DATA ELEMENTS
- fixed length control field: 240516|| aca||aabn | a|a d
040 ## - CATALOGING SOURCE
- Original cataloging agency: NUST
- Transcribing agency: NUST
110 ## - HEADING--CORPORATE NAME
- Corporate name or jurisdiction name as entry element: Muralikrishna. C
670 ## - SOURCE DATA FOUND
- Source citation: Work cat.: (NUST): Mishra Sunita 106674, Communication Skills For Engineering, 2009.
